000 00546nam a2200145 4500
999 _c511744
_d511744
008 191007b ||||| |||| 00| 0 eng d
100 _aFan, Yongmao
_912001
245 _aHow is public housing policy implemented in China?: A tentative analysis of the local implementation of four major programs
260 _bAmerican Review of Public Administration
300 _a49(3), Apr, 2019: p.372-385.
700 _aYang, Hongshan
_912002
773 _aAmerican Review of Public Administration
906 _aPublic housing - China
942 _2ddc
_cAR